[Event "WchT Blitz Pool A"]
[Site "London"]
[Date "2025.06.14"]
[Round "4.5"]
[White "Badescu, Eliza Ioana"]
[Black "Lu, Miaoyi"]
[Result "0-1"]
[WhiteElo "1832"]
[BlackElo "2452"]
[PlyCount "79"]
[EventDate "2025.06.14"]
[EventType "team-tourn"]
[EventRounds "13"]
[EventCountry "ENG"]
[SourceTitle "CB25_2025"]
[SourceDate "2025.06.18"]
[SourceVersion "1"]
[SourceVersionDate "2025.06.18"]
[SourceQuality "1"]
[WhiteTeam "xChess.AI"]
[BlackTeam "Turkish Airlines Sports"]
[WhiteTeamCountry "ROU"]
[BlackTeamCountry "TUR"]

1. e4 e5 2. Nf3 Nc6 3. Bc4 Nf6 4. d3 Bc5 5. c3 d6 6. 0-0 a5 7. Nbd2 0-0 8. h3 Ba7 9. Re1 Be6 10. Bxe6 fxe6 11. Nf1 Nh5 12. Be3 Qe8 13. Bxa7 Rxa7 14. d4 Qg6 15. Ne3 Nf4 16. Kh2 exd4 17. Nxd4 Qxe4 18. Nxc6 Qxc6 19. Qd4 Raa8 20. g3 e5 21. Qd2 Ne6 22. Nd5 Qc5 23. Re2 c6 24. Ne3 Ng5 25. Qd3 d5 26. Ng4 e4 27. Qd4 Nf3+ 28. Kg2 Nxd4 29. cxd4 Qxd4 30. Ne3 Rf3 31. Rd1 Qb6 32. Ng4 Raf8 33. Rdd2 R3f5 34. Ne3 R5f7 35. g4 d4 36. Nf5 e3 37. fxe3 dxe3 38. Rxe3 Rxf5 39. gxf5 Qxe3 40. Rf2 0-1

[Event "WchT Blitz Pool A"]
[Site "London"]
[Date "2025.06.14"]
[Round "6.5"]
[White "Ho, Ngoc Hai Dang"]
[Black "Lu, Miaoyi"]
[Result "0-1"]
[WhiteElo "1932"]
[BlackElo "2452"]
[PlyCount "118"]
[EventDate "2025.06.14"]
[EventType "team-tourn"]
[EventRounds "13"]
[EventCountry "ENG"]
[SourceTitle "CB25_2025"]
[SourceDate "2025.06.18"]
[SourceVersion "1"]
[SourceVersionDate "2025.06.18"]
[SourceQuality "1"]
[WhiteTeam "Berlin Lasker Legends"]
[BlackTeam "Turkish Airlines Sports"]
[WhiteTeamCountry "GER"]
[BlackTeamCountry "TUR"]

1. e4 e5 2. Nf3 Nc6 3. Bc4 Nf6 4. d3 Bc5 5. c3 d6 6. Nbd2 a5 7. Bb3 0-0 8. Nf1 Be6 9. Ng3 Bxb3 10. axb3 d5 11. Qe2 h6 12. 0-0 Qd7 13. Re1 Rfe8 14. h3 Rad8 15. Nf5 dxe4 16. dxe4 Qd3 17. Bd2 Qc2 18. c4 Qxb3 19. Bxa5 Nxa5 20. Rxa5 b6 21. Raa1 Qd3 22. Qxd3 Rxd3 23. Ra7 Rb3 24. Re2 Nh5 25. Rxc7 Nf4 26. Rd2 Bb4 27. Rc2 Nd3 28. Rd7 Rxb2 29. Rxb2 Nxb2 30. Rb7 Nxc4 31. Ng3 Bc5 32. Ne2 Ra8 33. Nc3 Ra1+ 34. Kh2 Bxf2 35. Nd5 Bc5 36. Rd7 g6 37. Nf6+ Kg7 38. Ne8+ Kf8 39. Nf6 Ra2 40. Rd3 h5 41. Ng5 Ne3 42. Rd7 Rxg2+ 43. Kh1 Be7 44. Rd3 Bxf6 45. Rxe3 Rxg5 46. Rb3 Bd8 47. Rd3 Ke7 48. Kh2 b5 49. Rb3 Bb6 50. Rxb5 Be3 51. Rb7+ Kf6 52. Rb6+ Kg7 53. Rb3 Bf4+ 54. Kh1 Rg3 55. Rb7 Rxh3+ 56. Kg2 Re3 57. Rb4 h4 58. Kf2 h3 59. Rb1 h2 0-1

[Event "WchT Blitz Pool A"]
[Site "London"]
[Date "2025.06.14"]
[Round "11.5"]
[White "Lu, Miaoyi"]
[Black "Jalving, August"]
[Result "0-1"]
[WhiteElo "2452"]
[BlackElo "2306"]
[PlyCount "122"]
[EventDate "2025.06.14"]
[EventType "team-tourn"]
[EventRounds "13"]
[EventCountry "ENG"]
[SourceTitle "CB25_2025"]
[SourceDate "2025.06.18"]
[SourceVersion "1"]
[SourceVersionDate "2025.06.18"]
[SourceQuality "1"]
[WhiteTeam "Turkish Airlines Sports"]
[BlackTeam "Allez-Y Initiative!"]
[WhiteTeamCountry "TUR"]
[BlackTeamCountry "DEN"]

1. e4 c5 2. Nf3 d6 3. Nc3 Nf6 4. Be2 e5 5. Bc4 Be7 6. d3 Nc6 7. Bg5 Be6 8. Bxf6 Bxf6 9. Nd5 a6 10. a4 0-0 11. c3 Rb8 12. 0-0 g6 13. Ne3 Bg7 14. Bxe6 fxe6 15. Nc2 Qe7 16. b4 Rbd8 17. Qe2 d5 18. b5 Nb8 19. Rfe1 d4 20. cxd4 exd4 21. Na3 Nd7 22. Nc4 g5 23. h3 h6 24. Reb1 Rb8 25. Rb3 Qd8 26. Rab1 Qc7 27. Nh2 Ne5 28. Nxe5 Bxe5 29. Ng4 Bg7 30. bxa6 bxa6 31. Qa2 Rxb3 32. Qxb3 Qd7 33. Qc4 Qf7 34. Rb2 Kh7 35. Qxc5 Qf4 36. Qc2 h5 37. Nh2 g4 38. hxg4 hxg4 39. Nf1 Be5 40. Ng3 Qg5 41. Qc5 Kg6 42. Qxf8 Qc1+ 43. Kh2 Qxb2 44. Qg8+ Kf6 45. Qxg4 Qxf2 46. Qf3+ Qxf3 47. gxf3 Kg5 48. Kg2 Kf4 49. Nh5+ Ke3 50. f4 Bd6 51. f5 exf5 52. exf5 Kxd3 53. f6 Kc2 54. Ng3 d3 55. Ne4 d2 56. Nxd2 Kxd2 57. Kf3 Kc3 58. Ke2 Kb4 59. Kd3 Kxa4 60. Kc2 Kb4 61. Kb2 Be5+ 0-1

[Event "WchT Blitz Pool A"]
[Site "London"]
[Date "2025.06.14"]
[Round "8.5"]
[White "Volovich, Julia"]
[Black "Lu, Miaoyi"]
[Result "0-1"]
[WhiteElo "1945"]
[BlackElo "2452"]
[PlyCount "36"]
[EventDate "2025.06.14"]
[EventType "team-tourn"]
[EventRounds "13"]
[EventCountry "ENG"]
[SourceTitle "CB25_2025"]
[SourceDate "2025.06.18"]
[SourceVersion "1"]
[SourceVersionDate "2025.06.18"]
[SourceQuality "1"]
[WhiteTeam "Chess Trust Accelerators"]
[BlackTeam "Turkish Airlines Sports"]
[WhiteTeamCountry "ENG"]
[BlackTeamCountry "TUR"]

1. d4 Nf6 2. c4 e6 3. Nc3 Bb4 4. Qc2 0-0 5. a3 Bxc3+ 6. Qxc3 d5 7. Bg5 h6 8. Bh4 c5 9. dxc5 d4 10. Qf3 Nbd7 11. e3 e5 12. c6 bxc6 13. Qxc6 Rb8 14. Qd6 Rxb2 15. 0-0-0 Rb6 16. Bxf6 gxf6 17. Qd5 Bb7 18. Qa5 Rb1+ 0-1

[Event "ChessKid Youth U16 GpA"]
[Site "Chess.com INT"]
[Date "2025.06.07"]
[Round "1"]
[White "Erdogmus, Yagiz Kaan"]
[Black "Lu, Miaoyi"]
[Result "1-0"]
[WhiteElo "2626"]
[BlackElo "2452"]
[PlyCount "73"]
[EventDate "2025.06.07"]
[EventType "tourn (blitz)"]
[EventRounds "10"]
[EventCountry "USA"]
[EventCategory "11"]
[SourceTitle "CB26_2025"]
[SourceDate "2025.06.25"]
[SourceVersion "1"]
[SourceVersionDate "2025.06.25"]
[SourceQuality "1"]

1. b3 d5 2. Bb2 c5 3. e3 Nf6 4. Nf3 a6 5. d4 Nc6 6. dxc5 e6 7. Nbd2 Bxc5 8. Bd3 0-0 9. 0-0 Qe7 10. e4 Rd8 11. e5 Ne4 12. a3 b5 13. Qe2 Nxd2 14. Qxd2 Bb7 15. h4 h6 16. Qf4 Rac8 17. Qg4 Kh8 18. Qh5 Kg8 19. Qg4 Kh8 20. Ng5 Qe8 21. b4 Bf8 22. Rae1 Rc7 23. Bc1 Ne7 24. Be3 Ng8 25. Bb6 Rdc8 26. Bxc7 Rxc7 27. Nf3 a5 28. Nd4 axb4 29. axb4 Bxb4 30. Nxe6 fxe6 31. Qxb4 Bc6 32. Qg4 Ne7 33. Qxe6 Bd7 34. Qd6 Rc6 35. Qb4 Rg6 36. Bxg6 Qxg6 37. Qxe7 1-0

[Event "Asturias Principado"]
[Site "Asturias"]
[Date "2025.04.30"]
[Round "4"]
[White "Gusain, Himal"]
[Black "Lu, Miaoyi"]
[Result "0-1"]
[WhiteElo "2526"]
[BlackElo "2429"]
[PlyCount "72"]
[EventDate "2025.04.29"]
[EventType "tourn"]
[EventRounds "9"]
[EventCountry "ESP"]
[EventCategory "8"]
[SourceTitle "CB19_2025"]
[SourceDate "2025.05.07"]
[SourceVersion "1"]
[SourceVersionDate "2025.05.07"]
[SourceQuality "1"]

1. c4 e5 2. a3 Nf6 3. b4 g6 4. Bb2 d6 5. e3 Bg7 6. Nf3 0-0 7. d4 Nbd7 8. Be2 Re8 9. dxe5 Ne4 10. Nbd2 Nxe5 11. Nxe5 Bxe5 12. Bxe5 Rxe5 13. Nf3 Re8 14. Rc1 a5 15. 0-0 axb4 16. axb4 Qf6 17. Nd4 Bd7 18. Bf3 c5 19. bxc5 dxc5 20. Nb5 Bxb5 21. cxb5 Rad8 22. Qc2 Nd2 23. Bxb7 Nxf1 24. Rxf1 Re7 25. Bc6 Ra7 26. g3 Ra1 27. Rxa1 Qxa1+ 28. Kg2 Qe1 29. Qxc5 Rd1 30. b6 Rc1 31. Qd5 Qf1+ 32. Kf3 Rxc6 33. Qd8+ Kg7 34. b7 Qh1+ 35. Kf4 Rc4+ 36. Ke5 Qe4+ 0-1

[Event "Karlsruhe Grenke op"]
[Site "Karlsruhe"]
[Date "2025.04.21"]
[Round "8"]
[White "Hampel, Felix"]
[Black "Lu, Miaoyi"]
[Result "0-1"]
[WhiteElo "2313"]
[BlackElo "2429"]
[PlyCount "74"]
[EventDate "2025.04.17"]
[EventType "swiss"]
[EventRounds "9"]
[EventCountry "GER"]
[SourceTitle "CB17_2025"]
[SourceDate "2025.04.23"]
[SourceVersion "1"]
[SourceVersionDate "2025.04.23"]
[SourceQuality "1"]

1. c4 e5 2. Nc3 Bb4 3. Nd5 a5 4. a3 Bc5 5. Nf3 d6 6. e3 Nd7 7. d4 Ba7 8. b4 c6 9. Nc3 Ngf6 10. Bb2 0-0 11. Be2 Re8 12. Qc2 Bb8 13. d5 cxd5 14. cxd5 axb4 15. axb4 Rxa1+ 16. Bxa1 Nb6 17. e4 Nh5 18. 0-0 Nf4 19. Bb5 Bd7 20. Bxd7 Qxd7 21. g3 Ba7 22. Qd1 Nh3+ 23. Kg2 Nc4 24. Qd3 Rc8 25. Ng1 Nxf2 26. Rxf2 Bxf2 27. Kxf2 b5 28. Qb1 Qa7+ 29. Kg2 Qe3 30. Qa2 Qe1 31. Qa6 Rf8 32. Nce2 Ne3+ 33. Kf3 Nc2 34. Qxd6 h5 35. Kg2 Ne3+ 36. Kf3 Ng4 37. Qc5 Qf1+ 0-1

[Event "Reykjavik op"]
[Site "Reykjavik"]
[Date "2025.04.10"]
[Round "3"]
[White "Lu, Miaoyi"]
[Black "Banusz, Tamas"]
[Result "1/2-1/2"]
[WhiteElo "2429"]
[BlackElo "2592"]
[PlyCount "101"]
[EventDate "2025.04.09"]
[EventType "swiss"]
[EventRounds "9"]
[EventCountry "ISL"]
[SourceTitle "CB17_2025"]
[SourceDate "2025.04.23"]
[SourceVersion "1"]
[SourceVersionDate "2025.04.23"]
[SourceQuality "1"]

1. e4 c5 2. Nf3 Nc6 3. d4 cxd4 4. Nxd4 Nf6 5. Nc3 e5 6. Ndb5 d6 7. Nd5 Nxd5 8. exd5 Nb8 9. Qd3 a6 10. Qa3 Be7 11. Bg5 f6 12. Bd2 0-0 13. Bb4 axb5 14. Qxa8 Na6 15. Bd2 Qc7 16. c3 Qc5 17. Be3 Qxd5 18. Qa7 f5 19. f3 Bh4+ 20. Bf2 Bg5 21. Rd1 Qxa2 22. Bxb5 Qxb2 23. Bc4+ Kh8 24. 0-0 Qxc3 25. Bxa6 bxa6 26. Rxd6 Rg8 27. Rfd1 Qc4 28. Be3 f4 29. Bb6 h6 30. Qc7 Qb3 31. R6d3 Qe6 32. Re1 Qg6 33. Rdd1 Bf6 34. Kh1 Bf5 35. Qb7 Re8 36. Bc7 Kh7 37. Qxa6 e4 38. Bxf4 exf3 39. gxf3 Bd3 40. Qa2 Rxe1+ 41. Rxe1 Qf5 42. Qd2 g5 43. Re3 Bb5 44. Bg3 g4 45. Qd1 gxf3 46. Kg1 Be2 47. Rxe2 fxe2 48. Qxe2 Bd4+ 49. Bf2 Qxf2+ 50. Qxf2 Bxf2+ 51. Kxf2 1/2-1/2

[Event "Reykjavik op"]
[Site "Reykjavik"]
[Date "2025.04.09"]
[Round "1"]
[White "Lu, Miaoyi"]
[Black "Liu, Meng"]
[Result "1-0"]
[WhiteElo "2429"]
[BlackElo "2079"]
[PlyCount "83"]
[EventDate "2025.04.09"]
[EventType "swiss"]
[EventRounds "9"]
[EventCountry "ISL"]
[SourceTitle "CB17_2025"]
[SourceDate "2025.04.23"]
[SourceVersion "1"]
[SourceVersionDate "2025.04.23"]
[SourceQuality "1"]

1. e4 c5 2. Nf3 d6 3. Nc3 a6 4. Be2 Nf6 5. 0-0 e5 6. a4 Be7 7. Bc4 Nc6 8. d3 0-0 9. Bg5 Be6 10. Bxf6 Bxf6 11. Nd5 g6 12. Qd2 Bg7 13. a5 Ne7 14. Nb6 Rb8 15. Qe3 Nc6 16. Qd2 Ne7 17. Qg5 h6 18. Qh4 Qe8 19. Nd2 Nc6 20. c3 Kh7 21. Bd5 Rd8 22. Ndc4 f5 23. exf5 gxf5 24. f4 Bxd5 25. Nxd5 Qe6 26. Nce3 Qg6 27. Rf3 Rde8 28. Qh3 e4 29. dxe4 Rxe4 30. Kh1 Ne7 31. Nxe7 Rxe7 32. Rg1 Qe6 33. g4 fxg4 34. Rxg4 d5 35. f5 Qe5 36. Rg6 Qe4 37. Ng4 Qe1+ 38. Rf1 Qe4+ 39. Kg1 Ref7 40. Nxh6 Rf6 41. Nf7+ Kg8 42. Ng5 1-0

[Event "Wch U20 Girls 41st"]
[Site "Petrovac"]
[Date "2025.03.05"]
[Round "9"]
[White "Lu, Miaoyi"]
[Black "Zhapova, Yana"]
[Result "1-0"]
[WhiteElo "2432"]
[BlackElo "2234"]
[PlyCount "45"]
[EventDate "2025.02.25"]
[EventType "swiss"]
[EventRounds "11"]
[EventCountry "MNE"]
[SourceTitle "CB11_2025"]
[SourceDate "2025.03.12"]
[SourceVersion "1"]
[SourceVersionDate "2025.03.12"]
[SourceQuality "1"]

1. d4 Nf6 2. Bf4 d5 3. e3 c5 4. dxc5 e6 5. b4 a5 6. c3 axb4 7. cxb4 b6 8. Bxb8 Rxb8 9. Bb5+ Ke7 10. c6 Qc7 11. Nd2 Ke8 12. Qb3 Bd6 13. Ngf3 e5 14. e4 dxe4 15. Ng5 e3 16. fxe3 Rf8 17. Nc4 Ra8 18. Nxd6+ Qxd6 19. 0-0 h6 20. Rxf6 gxf6 21. Ne4 Qe6 22. Bc4 Qxc6 23. Bb5 1-0

[Event "Cappelle op 41st"]
[Site "Cappelle la Grande"]
[Date "2025.02.16"]
[Round "2"]
[White "Daeschler, Florian"]
[Black "Lu, Miaoyi"]
[Result "1/2-1/2"]
[WhiteElo "2258"]
[BlackElo "2432"]
[PlyCount "67"]
[EventDate "2025.02.15"]
[EventType "swiss"]
[EventRounds "9"]
[EventCountry "FRA"]
[SourceTitle "CB09_2025"]
[SourceDate "2025.02.27"]
[SourceVersion "1"]
[SourceVersionDate "2025.02.27"]
[SourceQuality "1"]

1. e4 e5 2. Nf3 Nc6 3. Bb5 a6 4. Ba4 Nf6 5. 0-0 Bc5 6. c3 b5 7. Bc2 d5 8. d4 dxe4 9. dxe5 Qxd1 10. Rxd1 exf3 11. exf6 gxf6 12. Be4 Bd7 13. Nd2 0-0-0 14. Nxf3 Rhe8 15. Bxh7 Re2 16. b4 Bb6 17. Be3 Bxe3 18. fxe3 Rxe3 19. Rd3 Rde8 20. a4 f5 21. Rxe3 Rxe3 22. axb5 axb5 23. Ra8+ Kb7 24. Rf8 Be6 25. h4 Rxc3 26. h5 Nxb4 27. h6 Nd3 28. Bg8 Rc1+ 29. Kh2 f4 30. h7 Nf2 31. Ng1 Ng4+ 32. Kh1 Nf2+ 33. Kh2 Ng4+ 34. Kh1 1/2-1/2

[Event "Staufer op 35th"]
[Site "Schwaebisch Gmuend"]
[Date "2025.01.06"]
[Round "9"]
[White "Lu, Miaoyi"]
[Black "Skembris, Spyridon"]
[Result "0-1"]
[WhiteElo "2429"]
[BlackElo "2264"]
[PlyCount "92"]
[EventDate "2025.01.02"]
[EventType "swiss"]
[EventRounds "9"]
[EventCountry "GER"]
[SourceTitle "CB02_2025"]
[SourceDate "2025.01.08"]
[SourceVersion "1"]
[SourceVersionDate "2025.01.08"]
[SourceQuality "1"]

1. e4 c5 2. Nf3 g6 3. d4 cxd4 4. Nxd4 Bg7 5. c4 Nc6 6. Be3 Nf6 7. Nc3 0-0 8. Be2 b6 9. Qd2 Bb7 10. f3 Rc8 11. 0-0-0 d6 12. Nxc6 Bxc6 13. Kb1 Qc7 14. h4 Qb7 15. h5 Nxh5 16. Bh6 e5 17. Rxh5 gxh5 18. Bxg7 Kxg7 19. Qg5+ Kh8 20. Qf6+ Kg8 21. Rxd6 Rfe8 22. Bd3 Re6 23. Rxe6 fxe6 24. Qxe6+ Kh8 25. Nd5 Re8 26. Qf6+ Kg8 27. Nb4 Bd7 28. c5 Be6 29. Bb5 Qe7 30. Qxe7 Rxe7 31. c6 Rg7 32. Nd3 Kf8 33. Nxe5 Rxg2 34. c7 Ke7 35. f4 Kd6 36. f5 Bc8 37. Nd3 Kxc7 38. Nf4 Rg4 39. Nd5+ Kd6 40. Nf6 Rg1+ 41. Kc2 h4 42. Ne8+ Ke5 43. f6 Be6 44. Nc7 Kxf6 45. Nxe6 Kxe6 46. Ba6 Ke5 0-1

[Event "Wch Blitz (Women)"]
[Site "New York"]
[Date "2024.12.30"]
[Round "10"]
[White "Lu, Miaoyi"]
[Black "Heinemann, Josefine"]
[Result "0-1"]
[WhiteElo "2441"]
[BlackElo "2305"]
[PlyCount "158"]
[EventDate "2024.12.30"]
[EventType "swiss (blitz)"]
[EventRounds "11"]
[EventCountry "USA"]
[SourceTitle "CB01_2025"]
[SourceDate "2025.01.01"]
[SourceVersion "1"]
[SourceVersionDate "2025.01.01"]
[SourceQuality "1"]

1. Nf3 d5 2. e3 Nf6 3. c4 e6 4. b3 c5 5. Bb2 Nc6 6. cxd5 exd5 7. Be2 d4 8. exd4 cxd4 9. Bb5 Bc5 10. Qe2+ Be6 11. Qe5 Bd6 12. Bxc6+ bxc6 13. Qxd4 0-0 14. 0-0 Bd5 15. Na3 Re8 16. Nc4 Re4 17. Qc3 Bc7 18. Ne3 Qd6 19. Rac1 Rf4 20. Ne1 Rc4 21. Qe5 Qxe5 22. Bxe5 Rxc1 23. Bxc7 Ne4 24. Nxd5 cxd5 25. Ba5 Rac8 26. Nf3 Rxf1+ 27. Kxf1 Rc2 28. a4 Rb2 29. Nd4 Nxd2+ 30. Bxd2 Rxd2 31. Nc6 Rb2 32. b4 a6 33. Ne7+ Kf8 34. Nxd5 Ke8 35. Nc7+ Kd7 36. Nxa6 Kc6 37. Ke1 Ra2 38. a5 Rb2 39. h4 h5 40. g3 g6 41. Kf1 Kb5 42. Nc7+ Kxb4 43. a6 Ra2 44. Kg2 Kc5 45. Kf3 Kc6 46. Ne8 Rxa6 47. Nf6 Kd6 48. Ne4+ Ke5 49. Ng5 f6 50. Nh3 Ra3+ 51. Kg2 Kf5 52. Nf4 Ra4 53. Kf3 Rb4 54. Nd5 Rb3+ 55. Ne3+ Ke5 56. Ke2 g5 57. hxg5 fxg5 58. Kf3 g4+ 59. Kg2 Ke4 60. Nf1 Rd3 61. Nh2 Rd1 62. Nf1 Re1 63. Nd2+ Kd3 64. Nb3 Kc3 65. Nc5 Kc4 66. Nd7 Re6 67. f3 Re2+ 68. Kf1 gxf3 69. Nf6 Kd3 70. Nxh5 Ke3 71. Nf4 Rf2+ 72. Ke1 Ra2 73. Nd5+ Kd4 74. Nf4 Ke4 75. Kf1 Ra8 76. Ke1 Rb8 77. Kf1 Rb2 78. Ke1 f2+ 79. Kf1 Ke5 0-1